| 000 | 00345nam a22001217a 4500 | ||
|---|---|---|---|
| 008 | 230621b xxu||||| |||| 00| 0 eng d | ||
| 082 |
_a328.54 _bCHA |
||
| 100 | _cDr. Phul Chand | ||
| 245 | _aIndian Parliament | ||
| 260 |
_aNew Delhi _bThe Institute of Constitutional and Parliamentary Studies _c1984 |
||
| 300 | _aVarous Panging | ||
| 942 |
_2ddc _cBK |
||
| 999 |
_c2256 _d2256 |
||